Statistics for The Original Justice League Superheroes

Click here to take the quiz!

General Stats

  • This quiz has been taken 146 times
  • The average score is 7 of 7

Answer Stats

HintAnswer% Correct
Has super-speed and through the Speed Force can bend laws of physicsThe Flash
100%
The King of the Seven Seas, has control over sea-life and super strengthAquaman
98%
Genius billionaire, fights using martial arts and advanced technologyBatman
98%
Amazonian warrior princess and demi-goddess, has an invisible jetWonder Woman
98%
Can accomplish almost anything using willpower due to his power ringGreen Lantern
95%
Earth raised alien whose superpowers come from exposure to a yellow sunSuperman
93%
Shapeshifter telepath from Mars, possibly the most powerful DC beingMartian Manhunter
89%

Score Distribution

Percentile by Number Answered

Percent of People with Each Score

Your Score History

You have not taken this quiz